| 000 | 01404nam a2200241Ia 4500 | ||
|---|---|---|---|
| 003 | Ost | ||
| 005 | 20260507075317.0 | ||
| 008 | 260507s9999||||xx |||||||||||||| ||und|| | ||
| 040 | _cfsecg | ||
| 041 | _aara | ||
| 082 | _a510.78 | ||
| 100 |
_aرحو، غازي ابراهيم _eمؤلف |
||
| 245 | 0 |
_aمقدمة في علم الحاسوب و البرمجة بلغة بيسك لطلبة الجامعات / _c غازي ابراهيم رحو |
|
| 260 |
_aعمان: _bدار زهران للنشر والتوزيع, _c2011 |
||
| 300 |
_a331 صفحة؛ _bإيضاحات ؛ _c25 سم |
||
| 520 | _aالحساب و الحاسوب، البرمجة و اعداد البرامج، أساسيات البرمجة بلغة بيسك، المخططات الانسانية و ادخال البيانات أو القيم للمتغيرات، عبارات الاخراج، عبارات التكرار و عبارات اخرى بلغة بيسك، الروتينات الفرعية و استخدام الوظائف المقدمة مسبقا باستخدام defو Go sub ملفات البيانات و نظام التشغيل و أخيرا أسئلة و أمثلة عامة | ||
| 653 | _aالإعلام الألي | ||
| 653 | _aالبرمجيات | ||
| 653 | _aالحاسوب | ||
| 653 | _aعلم الحاسوب | ||
| 700 |
_aالصباغ، عماد عبد الوهاب _eمؤلف ثانوي |
||
| 942 | _cكتاب | ||
| 999 |
_c43902 _d43902 |
||